000 00806nam a2200241Ia 4500
003 OSt
005 20220923210949.0
006 a|||||r|||| 00| 0
007 ta
008 Pun
020 _a8126011768 (pbk)
024 _a235,156
037 _cTextual
040 _aARTS
_cARTS
_bPun
041 _2Pun
_aPun
082 _aO1591,3NSE,CH, 153P2
100 _aਸੈਨਾਪਤੀ, ਖ਼ਕੀਰਮੋਹਨ; ਬਲਦੇਵ ਸਿੰਘ, ੳਗ.
_9156603
245 0 _aਛੇ ਬੀਘਾ ਗ਼ਮੀਨ
260 _aਦਿੱਲੀ
_b ਸਾਹਿਤ ਅਕਾਦੇਮੀ
_c2002
300 _a171ਪੰ
_ccm.
942 _hO1591,3NSE,CH, 153P2
_cTEXL
_2CC
999 _c293233
_d293233